000
00251nam a22001097a 4500
008
160518b xxu||||| |||| 00| 0 eng d
020
_a
0072837055
041
_a
eng
080
_a
572
245
_a
Anthropology:
_c
Conrad Phillip Kottak;
942
_2
udc
_c
BK
999
_c
2172
_d
2172